000 01137nam a22003137a 4500
001 BR8602488
003 BR-BrBNA
005 20230928092255.0
007 ta
008 230509b bl.||||| |||| 00| 0 por d
040 _aBR-BrBNA
_bpor
_cBiblioteca Nacional de Agricultura
041 _a(Por)
072 _aF06
_b/G514
090 _ F06 BR8602488
110 1 _aMinisterio do Interior, Brasilia, DF (Brasil);
_97113
110 1 _aSuperintendencia do Desenvolvimento do Nordeste, Brasilia, DF (Brasil);
_910123
110 1 _aCompanhia de Desenvolvimento do Vale do Sao Francisco, Brasilia, DF (Brasil);
_92357
110 1 _aDepartamento Nacional de Obras Contra as Secas, Brasilia, DF (Brasil);
_93301
110 1 _aDepartamento Nacional de Obras de Saneamento, Brasilia, DF (Brasil)
_93332
245 1 _aPrograma de Irrigacao do Nordeste - PROINE (1 milhao de hectares - 1986/1990)
260 3 _aBrasilia, DF (Brasil):
_c1986.
300 _a30 p.
500 _a7 tables
650 _aPROJETO DE DESENVOLVIMENTO
650 _aIRRIGACAO
650 _aREGIAO NORDESTE
909 _a202309
_bLucia
_c55
_dLucia Elande
942 _cBK
999 _c38046
_d38046